Jedenastki ćwierćfinału Ligi Mistrzów 2019 - Statystyki

Ogólne statystyki
  • Ten quiz został rozwiązany 340 razy
  • Średni wynik to 15 z 22
Statystyki odpowiedzi
Drużyna Pozycja Odpowiedź % Poprawnych
Manchester City Bramkarz Ederson
96%
Tottenham Bramkarz Hugo Lloris
94%
Napastnik Sergio Aguero
93%
Napastnik Son Heung-min
89%
Pomocnik Kevin De Bruyne
87%
Obrońca Kyle Walker
87%
Napastnik Raheem Sterling
86%
Napastnik Bernardo Silva
84%
Obrońca Aymeric Laporte
75%
Napastnik Lucas Moura
75%
Obrońca Jan Vertonghen
73%
Pomocnik Christian Eriksen
66%
Obrońca Benjamin Mendy
65%
Pomocnik Dele Alli
64%
Pomocnik Ilkay Gundogan
61%
Obrońca Toby Alderweireld
60%
Obrońca Vincent Kompany
60%
Obrońca Danny Rose
57%
Pomocnik Moussa Sissoko
53%
Obrońca Kieran Trippier
48%
Pomocnik David Silva
42%
Pomocnik Victor Wanyama
33%
Nie znaleziono quizów pasujących do podanych kryteriów
Rozkład punktacji
Procent ludzi z każdym wynikiem
Percentyl według liczby udzielonych odpowiedzi
Twoja historia wyników
Nie rozwiązałeś tego quizu